[Event "Katrineholm"]
[Site "Katrineholm"]
[Date "1999.05.19"]
[Round "8"]
[White "Lyrberg, Patrik"]
[Black "Ibragimov, Ildar"]
[Result "0-1"]
[WhiteElo "2409"]
[BlackElo "2602"]
[Annotator "Horn,Pe"]
[PlyCount "74"]
[EventDate "1999.05.??"]
[EventType "tourn"]
[EventRounds "9"]
[EventCountry "SWE"]
[EventCategory "12"]
[SourceTitle "CBM 071"]
[Source "ChessBase"]
[SourceDate "1999.08.01"]
[SourceVersion "1"]
[SourceVersionDate "1999.08.01"]
[SourceQuality "1"]

1. Nf3 d5 2. g3 g6 3. Bg2 Bg7 4. O-O e5 5. c4 d4 6. e3 Ne7 7. exd4 exd4 8. d3
O-O 9. b4 (9. Re1 Nbc6 10. Nbd2 h6 11. Ne4 b6 $13 {Karlsson,L-Jansson,B/SWE
1978}) 9... Nd7 (9... c6 10. Nbd2 a5 11. bxa5 Rxa5 12. Re1 Bg4 13. Qb3 b6 14.
Ne4 Nd7 15. Bf4 h6 16. Qb4 Bxf3 17. Bxf3 f5 18. Nd6 (18. Nd2) 18... Ne5 19.
Bxe5 Rxe5 20. c5 $1 bxc5 21. Qc4+ Kh7 22. Nb7 Qb6 23. Rxe5 Bxe5 24. Nxc5 $16 {
Loeffler,S-Tischbierek,R/Munich 1992}) (9... a5 10. b5 (10. bxa5) 10... c5 11.
Nbd2 (11. bxc6) 11... b6 12. Ne4 Bb7 13. Re1 Ra7 14. Bf4 Nd7 15. Qe2 Ba8 16. h4
h6 17. Rad1 Kh8 18. Nd6 $14 {Markowski,T-Gdanski,J/Ksiaz 1998}) 10. Ba3 c5 11.
bxc5 Nc6 12. Qb3 f5 13. Nc3 $2 {Wenn das klappen würde, wäre es ein genialer
Einfall.} ({Mit einer ruhigen Fortsetzung wäre Weiß sicher besser gefahren:} 
13. Re1) ({oder} 13. Nbd2) 13... dxc3 14. d4 Nf6 ({Auch} 14... Nxd4 {scheint
gefahrlos zu sein:} 15. Nxd4 Bxd4 16. Rad1 Qf6 17. c6 bxc6 18. Bxf8 Kxf8 $19)
15. d5 Na5 16. Qb4 (16. Qa4 Ne4 $19 (16... Bd7 17. c6 bxc6 $19)) 16... Ne4 $19
17. Rad1 Re8 18. Nd4 Nd2 (18... Bxd4 19. Rxd4 Nc6 20. dxc6 Qxd4 21. cxb7 Bxb7
22. Qxb7 Qxc4 $19) 19. Qxc3 Nxf1 20. Kxf1 {[%cal Ya3b4]} (20. Bxf1 {vermied
die Probleme auf der Diagonale a6-f1, war aber weniger aktiv.}) 20... b6 21. c6
Ba6 22. d6 Kh8 (22... Bxc4+ $142 $19) (22... Nxc4 $4 23. Bd5+ $16) 23. Bd5 Rc8
$2 (23... Bxc4+ 24. Bxc4 Nxc6 25. Nxc6 Bxc3 26. Nxd8 Raxd8 $19 {Angesichts der
Mehrqualität sollte Schwarz hier gewinnen können.}) 24. Bb4 $2 (24. d7 {
lag doch nahe:} Nxc6 25. dxe8=Q+ Qxe8 26. Bb2 $1 Nxd4 (26... Ne5 $2 27. Re1 $14
) 27. Qxd4 $15) 24... Re5 25. Kg1 (25. Ne6 Rxe6 26. Bxe6 Rxc6 $19) 25... Bxc4
$2 (25... Bb5 $1 $17) 26. Bxc4 (26. c7 Qd7 (26... Qxd6 27. Bxd6 Rxd5 28. Bf4
$16) (26... Rxd5 27. cxd8=Q+ Rxd8 28. Rd2 $16) 27. Bxc4 $14) 26... Nxc6 $2 (
26... Rxc6 27. Nxc6 Nxc6 $14) (26... Nxc4 $2 27. Qxc4 $18 {[%cal Rc6c7]}) (
26... Rc5 $2 27. Bxc5 bxc5 28. Ne6 Bxc3 29. Nxd8 $18) 27. Ba6 $2 (27. Ne6 Qf6 (
27... Rxe6 28. Bxe6 $1 $16) 28. Nxg7 Nxb4 (28... a5 29. Ba3 $18) (28... Kxg7
29. d7 Rd8 30. Rd6 $18) 29. d7 Rd8 30. Ne8 $18) 27... Nxb4 $2 (27... Rd5 $19)
28. Qxc8 $2 (28. Bxc8 Qxd6 29. Be6 Qc5 $17 {mit einem Mehrbauern.}) 28... Qxc8
29. Bxc8 Rd5 $19 30. a3 Bxd4 (30... Nc2 $19) 31. Rd2 (31. axb4 Bxf2+ 32. Kxf2
Rxd1 33. d7 Kg7 $19) 31... Nc6 (31... Bf6 $19) 32. Bb7 Rxd6 33. Bxc6 Bxf2+ 34.
Rxf2 Rxc6 35. Re2 Rc7 36. Kf2 Kg7 37. Kf3 Rc3+ 0-1

[Event "NED-ch54"]
[Site "Rotterdam "]
[Date "1999.06.06"]
[Round "8"]
[White "Janssen, Ruud"]
[Black "Peng, Zhaoqin"]
[Result "1-0"]
[WhiteElo "2445"]
[BlackElo "2452"]
[Annotator "Horn,Pe"]
[PlyCount "83"]
[EventDate "1999.05.29"]
[EventType "tourn"]
[EventRounds "11"]
[EventCountry "NED"]
[EventCategory "12"]
[SourceTitle "CBM 072"]
[Source "ChessBase"]
[SourceDate "1999.10.01"]
[SourceVersion "1"]
[SourceVersionDate "1999.10.01"]
[SourceQuality "1"]

1. Nf3 d5 2. c4 d4 3. g3 g6 4. Bg2 Bg7 5. d3 e5 6. O-O Ne7 7. b4 O-O 8. Nbd2 (
8. Ba3 Re8 9. Nbd2 Nd7 10. Nb3 Rb8 11. Qc2 Nf8 12. Rae1 Ne6 13. Bb2 b6 14. e3
Bb7 15. exd4 exd4 16. Re2 $14 {Damljanovic,B-Nikolic,Z/JUG-ch 1989}) (8. Na3
Re8 9. Nc2 a5 10. b5 c5 11. Ba3 Nd7 12. e3 Ra7 13. Qe2 b6 14. Rae1 dxe3 15.
Nxe3 Nf8 16. Bb2 f6 17. h4 $14 {Kozul,Z-Sermek,D/Bled 1996}) 8... a5 (8... Re8
9. Nb3 Nd7 10. a4 Nf8 11. b5 Rb8 12. a5 b6 13. axb6 axb6 14. Ra7 h6 15. e3 $6 (
15. Ne1 $5 {Dolmatov} Be6 16. Nc2 Qd7 17. Nb4 $14) 15... dxe3 16. fxe3 Be6 17.
Ra4 c6 18. bxc6 Nxc6 $10 {Kortschnoj,V-Hort,V/Biel 1986}) 9. b5 c5 10. bxc6
Nexc6 (10... Nbxc6 11. Rb1 h6 12. Ba3 Nb4 13. Bxb4 axb4 14. Rxb4 Rxa2 15. Qb3
Ra7 16. Rb1 Kh7 17. Ne1 $14 {Trois,F-Sowray,P/Wijk aan Zee 1983}) 11. Ne1 (11.
Rb1 Na6 12. Ne1 (12. Nb3 $5 Re8 13. Ba3 Bf8 14. Bxf8 Rxf8 15. Qc1 Qe7 16. Re1
Nab4 17. Qd2 Qd8 18. Nc5 $1 b6 19. Na4 Rb8 20. a3 $14 {Shchekachev,A-Ivanov,V/
Moscow 1992}) 12... Re8 13. Nc2 Nab4 (13... Bf8 14. Na3 Ncb4 15. Ra1 Nc5 16.
Nb5 Bg4 17. a3 Nba6 18. h3 Bd7 19. Rb1 a4 20. Kh2 Bc6 $132 {Szmetan,J-Nikolic,
P/Buenos Aires 1992}) 14. Rb2 Bf8 15. Nb1 (15. a3 Na6 16. Rb5 Nc7 17. Rb1 Ne6
18. Nb3 Ra7 $11 {Dizdarevic,E-Nikolic,P/Sarajevo 1987}) 15... Na6 16. Nca3 Nc5
17. Nb5 Bf5 18. Nd2 Rc8 19. Nf3 Qd7 $15 {Markowski,T-Nikolic,P/Polanica Zdroj
1996}) (11. Ba3 Nb4 (11... Re8 12. c5 Bf8 13. Ne4 Na6 14. Nfd2 Ncb4 15. Qc1 Bg4
$15 {Gurevich,D-Masserey,Y/Geneva 1996}) 12. Qb3 (12. Bxb4 axb4 13. Qb3 Qe7 {
1/2-1/2 Loginov,V-Gleizerov,E/Kstovo 1997}) 12... N8a6 (12... Qe7 13. Ne1 N8c6
14. Nc2 Bh6 $13 {David-Burger, corr 1990}) 13. Bxb4 axb4 14. a3 bxa3 15. Qxa3
Re8 (15... Bd7 16. Rfb1 Nc7 17. Qb2 Rxa1 18. Qxa1 (18. Rxa1 $5) 18... b5 19.
Qa5 bxc4 20. Nxc4 $14 {Fancsy,I-Liiva,R/Duisburg 1992}) 16. Rfb1 f5 17. Ne1 Nc7
18. Bd5+ Kh8 19. Qxa8 Nxa8 20. Rxa8 $16 {Larsen,B-Chandler,M/Hastings 1987})
11... Na6 12. Nc2 Re8 (12... Qc7 13. Na3 Qe7 14. Nb5 h6 15. Ba3 Nab4 16. Nb3
Be6 17. Qd2 Rfc8 18. Rfe1 Bf8 19. Rab1 Qd8 $11 {Smejkal,J-Xu Jun/Dubai 1986})
13. Ne4 h6 (13... f5 $6 14. Bg5) 14. c5 Re6 15. Ba3 Bf8 ({Aktiver war} 15...
Ncb4 $1 16. Bxb4 (16. Qd2 f5 $11) 16... axb4 17. Nd6 Nxc5 18. Nxc8 Rxc8 19.
Nxb4 e4 $132 {und Schwarz kann zufrieden sein.}) 16. Qd2 Kg7 (16... f5 17. Nd6
Nxc5 18. Bxc5 Bxd6 19. Bxd6 Rxd6 20. Qxh6 $16) 17. g4 Qh4 (17... Ncb4 18. Nxb4
axb4 19. Bxb4 Nxb4 20. Qxb4 $14) 18. f4 $5 (18. g5) 18... Qxg4 19. fxe5 Rxe5
20. e3 Nxc5 $2 (20... Bxc5 21. exd4 Nxd4 {[%cal Rd4f3]} 22. Bxc5 Ne2+ 23. Kh1
Nxc5 24. Rae1 Nxe4 25. dxe4 (25. Bxe4 $2 Rxe4 $19) 25... Ng3+ $1 26. hxg3 Qxg3
(26... Rh5+ 27. Kg1 Qxg3 28. Qd4+ $11) 27. Qf4 $11) 21. exd4 $18 Nxe4 22. Bxf8+
Kxf8 23. Qxh6+ Kg8 24. dxe5 Ng5 25. Ne3 Qh5 26. Qxh5 gxh5 27. h4 Ne6 28. Nc4
Ned4 29. Bxc6 bxc6 30. Nb6 Rb8 31. Nxc8 Rxc8 32. Kf2 Rd8 33. Rac1 Rd5 34. Rg1+
Kf8 35. Ke3 Ne6 36. Rxc6 Rxe5+ 37. Kd2 Nd4 38. Rf6 Re2+ 39. Kc3 Nb5+ 40. Kc4
Ke7 41. Rgf1 Nd6+ 42. Kd5 1-0

[Event "Beersheba"]
[Site "Beersheba"]
[Date "1993.??.??"]
[Round "3"]
[White "Huzman, Alexander"]
[Black "Mikhalevski, Alexander"]
[Result "1-0"]
[WhiteElo "2520"]
[BlackElo "2440"]
[Annotator "Horn,Pe"]
[PlyCount "85"]
[EventDate "1993.??.??"]
[EventType "tourn"]
[EventRounds "11"]
[EventCountry "ISR"]
[EventCategory "12"]
[SourceTitle "CBM 038"]
[Source "ChessBase"]
[SourceDate "1994.02.01"]
[SourceVersion "1"]
[SourceVersionDate "1994.02.01"]
[SourceQuality "1"]

1. g3 d5 2. Bg2 Nf6 3. d3 e5 4. Nf3 Nc6 5. O-O Be7 6. c4 d4 $2 (6... O-O 7.
cxd5 Nxd5 {->A2}) (6... dxc4 7. Qa4 O-O 8. Qxc4) 7. b4 $1 $16 {it's surprising
that there are always new victims to this move.} Nd7 8. a3 (8. b5 Ncb8 9. e3
dxe3 (9... O-O 10. exd4 exd4 11. Bb2 Bf6 12. Nbd2 Nc5 13. Ba3 Nbd7 14. Nb3 Nxb3
15. axb3 $16) 10. Bxe3 a6 11. a4 O-O 12. Nc3 Re8 13. Nd5 Bf8 14. Ng5 h6 15. Nh3
axb5 16. cxb5 c6 17. Nc3 $16) 8... O-O 9. e3 Bf6 10. Ra2 a5 11. b5 Ne7 12. exd4
exd4 13. a4 Ng6 14. Nbd2 Nc5 15. Nb3 Nxb3 16. Qxb3 Be6 17. Nd2 {><b7} Qc8 18.
Ba3 Be7 19. Bxe7 Nxe7 20. Re1 h6 21. Qa3 Nf5 22. Nb3 {/\ Nc5 (><b7,><e6)} b6
23. Bxa8 $18 Qxa8 24. Qc1 c5 25. bxc6 Qxc6 26. Qf4 Rd8 27. Nd2 Qc5 28. Re5 Qc8
29. Rb2 Ne7 30. Reb5 Nc6 31. Rxb6 Nb4 32. Rd6 Re8 33. Qxd4 Bh3 34. Rb1 Qa8 35.
Ne4 Nc2 (35... f5 36. Rd7 $18) 36. Qc3 Rxe4 37. dxe4 Qxe4 38. Rd8+ Kh7 39. Qd3
Qxd3 40. Rxd3 Bf5 41. Rd5 Be4 42. Re5 Bc6 43. Rd1 1-0

[Event "Groningen op"]
[Site "Groningen"]
[Date "1990.??.??"]
[Round "1"]
[White "Foisor, Cristina Adela B"]
[Black "Petrosian, Arshak B"]
[Result "0-1"]
[WhiteElo "2330"]
[BlackElo "2500"]
[Annotator "Horn,Pe"]
[PlyCount "104"]
[EventDate "1990.??.??"]
[EventType "swiss"]
[EventRounds "9"]
[EventCountry "NED"]
[SourceTitle "CBM 022"]
[Source "ChessBase"]
[SourceDate "1991.06.01"]
[SourceVersion "1"]
[SourceVersionDate "1991.06.01"]
[SourceQuality "1"]

1. Nf3 Nf6 2. g3 d5 3. c4 d4 4. d3 Nc6 5. Bg2 e5 6. O-O Nd7 7. Na3 Be7 8. Nc2
a5 9. e3 (9. a3 O-O 10. Rb1 a4 11. Bd2 Na5 12. Bxa5 Rxa5 13. Re1 Re8 14. b4
axb3 15. Rxb3 $10 {Boleslavski-Suetin, URS 1956}) (9. b3 O-O 10. a3 Nc5 11. b4
Nb3 12. Rb1 Nxc1 13. Qxc1 Qd6 14. c5 Qe6 15. e3 dxe3 16. Qxe3 axb4 17. axb4 Ra2
18. Rfc1 Bf6 19. b5 Ne7 $10 {Polugaevsky-Balashov, URS-ch 1969}) 9... Nf8 10.
exd4 exd4 11. Qe2 $6 (11. Bd2 Bf5) (11. Re1 $5 Ne6 12. Ne5 Nxe5 13. Rxe5) 11...
Ne6 12. Bd2 (12. Ne5 Nxe5 13. Qxe5 O-O) 12... O-O 13. Rfe1 $2 (13. Ne5 Nxe5 14.
Qxe5 Nc5 $10) 13... Bf6 $1 $17 14. Qf1 Nc5 15. Bf4 Bf5 16. Rad1 Nb4 17. Nxb4
axb4 18. Be5 Rxa2 19. Nxd4 Bg4 (19... Bxe5 20. Nxf5) 20. Nf3 Bxe5 21. Rxe5 Nb3
22. d4 (22. Qe2 Qf6 23. Qe4 Bxf3 24. Bxf3 Rxb2 $17) 22... Rxb2 23. Qd3 Qf6 24.
h3 Bxf3 25. Bxf3 c5 $1 26. Rf5 Qxd4 27. Bxb7 Qxd3 28. Rxd3 g6 29. Re5 Kg7 30.
Rd7 Kf6 31. Red5 Re8 32. R5d6+ Re6 33. Bd5 Rxd6 34. Rxd6+ Ke5 35. Rd7 f5 36.
Rxh7 Nd4 37. Rd7 f4 38. Kg2 fxg3 39. Kxg3 g5 40. Kg4 Rxf2 41. Kxg5 Nc2 42. Bc6
Rf5+ 43. Kh4 Rf4+ 44. Kg5 Rf5+ 45. Kh4 Rf4+ 46. Kg5 Rxc4 47. Rd5+ Ke6 48. Rd8
Rc3 49. h4 Nd4 50. Be4 Ke5 51. Re8+ Ne6+ 52. Kg4 Rc4 0-1

[Event "ARG-World"]
[Site "Buenos Aires"]
[Date "1994.??.??"]
[Round "3"]
[White "Conquest, Stuart"]
[Black "Campora, Daniel Hugo"]
[Result "0-1"]
[WhiteElo "2495"]
[BlackElo "2535"]
[Annotator "Horn,Pe"]
[PlyCount "82"]
[EventDate "1994.04.??"]
[EventType "schev"]
[EventRounds "10"]
[EventCountry "ARG"]
[SourceTitle "CBM 042"]
[Source "ChessBase"]
[SourceDate "1994.10.01"]
[SourceVersion "1"]
[SourceVersionDate "1994.10.01"]
[SourceQuality "1"]

1. g3 d5 2. Bg2 e5 3. c4 d4 4. d3 Nc6 5. Nf3 Nge7 $6 (5... Bb4+ 6. Nbd2 a5) (
5... Nf6 6. O-O Nd7) 6. b4 $1 Ng6 7. a3 (7. b5 $14) 7... Be7 8. h4 (8. O-O $14)
8... f6 9. Nbd2 (9. h5 Nf8) 9... O-O 10. Bb2 (10. h5 Nh8) 10... Re8 11. Qb3 Be6
12. e3 dxe3 13. fxe3 a5 (13... Qd7 $5) 14. b5 a4 15. Qc3 Na5 16. h5 $5 (16. Kf2
) 16... Nf8 17. h6 (17. d4 $2 exd4 18. exd4 Bxc4 $19) 17... c6 (17... g6 $2 18.
Nxe5 fxe5 $2 19. Qxe5 $18) 18. hxg7 Ng6 19. Kf2 (19. bxc6 $5 bxc6 (19... Nxc6
20. Nh4 $13) 20. Nh4 Rb8 21. Kf2 Qb6 22. Rab1 $13) 19... cxb5 20. Rh6 bxc4 21.
d4 Nc6 22. Rah1 Kf7 23. Qc2 (23. Rxh7 Rg8) 23... exd4 (23... Rg8 24. d5 Bxd5
25. Qf5 {/\ Ng5}) 24. Nxd4 (24. exd4 $5 {/\ d5} Ra5 25. Rxh7 Rg8 26. Nxc4 $13)
24... Nxd4 25. Bxd4 Rg8 26. Nf3 (26. Be4 $5 Rxg7 27. Rxh7 Nf8 28. Rxg7+ Kxg7
29. Qd1 $44 {/\ Qh5} (29. g4 $5) (29. Nf3 $5)) 26... Ra5 $1 (26... Rxg7 27.
Ng5+ fxg5 28. Bxg7 Kxg7 29. Rxh7+ $18) 27. Bc3 (27. Rxh7 $5 Rxg7 28. Bc3 Rc5
29. Nd4 {With this move order Black gets no chance for Qd3.}) 27... Rc5 28. Nd4
(28. Nh4 Qd3) (28. Rxh7 Qd3) 28... Ne5 29. Nxe6 $6 (29. Rxh7 Nd3+ (29... Rxg7
$4 30. Rxg7+ Kxg7 31. Qh7+ Kf8 32. Nxe6+ $18) 30. Kf1 $13) 29... Qd3 $1 30.
Qxd3 Nxd3+ 31. Ke2 Kxe6 32. Rxh7 b5 33. R1h5 Ne5 $2 34. Bd4 Rc7 35. Bxe5 $2 (
35. Bb6 $16) 35... fxe5 36. Bh3+ Kf7 37. R5h6 $2 (37. Rxe5 Rxg7 38. Rxg7+ Kxg7
39. Rxb5 $2 (39. Kd2 c3+ (39... Rb7 40. Rd5 Bxa3 41. Bd7) 40. Kc2 Bxa3 41. Rxb5
Be7) 39... c3 40. Bf5 c2 41. Bxc2 Rxc2+ 42. Kf3 Rc3 $19) 37... Bf6 38. Bg4 $2
Rxg7 39. Kf3 c3 40. Bf5 c2 41. Bg6+ Ke7 0-1

[Event "Altensteig"]
[Site "Altensteig"]
[Date "1990.??.??"]
[Round "8"]
[White "Wirthensohn, Heinz"]
[Black "Chernin, Alexander"]
[Result "0-1"]
[WhiteElo "2430"]
[BlackElo "2600"]
[Annotator "Horn,Pe"]
[PlyCount "98"]
[EventDate "1990.07.??"]
[EventType "tourn"]
[EventRounds "11"]
[EventCountry "GER"]
[EventCategory "9"]
[SourceTitle "CBM 020"]
[Source "ChessBase"]
[SourceDate "1991.02.01"]
[SourceVersion "1"]
[SourceVersionDate "1991.02.01"]
[SourceQuality "1"]

1. Nf3 d5 2. c4 d4 3. a3 {Suba's Zug} g6 4. b4 (4. e3 {spielt Suba selbst (->
Suba-Hodgson, London 1989, CBM13)}) 4... Bg7 5. Bb2 Nh6 6. g3 (6. e3 $5 e5 7.
d3 (7. exd4 $2 e4 $1)) 6... O-O 7. d3 b6 8. Bg2 Bb7 9. O-O (9. b5 $5 c5 10.
bxc6 Nxc6) 9... c5 $10 10. Nbd2 Nd7 11. Nb3 (11. Rb1 $5 {/\ e3}) 11... e5 12.
Bc1 (12. e3 dxe3 13. fxe3 e4) 12... Nf5 13. Bd2 Rc8 14. bxc5 bxc5 15. Na5 Ba8
16. Ne1 Bxg2 17. Nxg2 $6 (17. Kxg2) 17... Nb6 18. Rb1 $6 (18. Qc2) 18... Qd7
19. Qc2 (19. Rb5 $2 Nd6) 19... h5 $1 $40 20. h4 (20. e4 dxe3 21. Bxe3 h4) 20...
Rfe8 21. Kh2 Bh6 22. Bxh6 Nxh6 23. e4 dxe3 24. fxe3 (24. Nxe3 $2 f5 {/\ f4})
24... e4 $1 25. dxe4 Rcd8 26. Nb3 (26. Rbd1 Ng4+ 27. Kg1 Qc7 28. Rf4 Rxd1+ 29.
Qxd1 Rd8 30. Qc2 Qd7) 26... Qd3 $1 27. Qxd3 Rxd3 28. Nxc5 Rxa3 29. Ra1 Ng4+ 30.
Kg1 Nxc4 31. Rxa3 Nxa3 32. Ra1 Nb5 33. Ra5 Nc3 34. Rxa7 $2 (34. Nf4 Nxe3 (34...
Re7 $2 35. Nd5) (34... Ra8 $2 35. Nd5) 35. Rxa7 Nxe4 36. Nxe4 Rxe4) 34... Ne2+
35. Kf1 Nxg3+ 36. Ke1 Nxe4 37. Nxe4 Rxe4 38. Ke2 Nh6 39. Kf3 Rb4 40. Ra1 Nf5
41. Rh1 Kg7 42. Nf4 Ra4 43. Ng2 Rg4 44. Rh2 Kf6 45. Rh3 Ke5 46. Rh1 Rg3+ 47.
Kf2 Ke4 48. Ra1 Rf3+ 49. Kg1 Nxe3 0-1

[Event "Skei"]
[Site "Skei"]
[Date "1993.??.??"]
[Round "7"]
[White "Tisdall, Jonathan D"]
[Black "Baburin, Alexander"]
[Result "1-0"]
[WhiteElo "2425"]
[BlackElo "2550"]
[Annotator "Horn,Pe"]
[PlyCount "75"]
[EventDate "1993.??.??"]
[EventType "tourn"]
[EventRounds "9"]
[EventCountry "NOR"]
[EventCategory "10"]
[SourceTitle "CBM 036"]
[Source "ChessBase"]
[SourceDate "1993.10.01"]
[SourceVersion "1"]
[SourceVersionDate "1993.10.01"]
[SourceQuality "1"]

1. Nf3 {Tisdall} d5 2. c4 d4 3. e3 c5 4. b4 dxe3 (4... f6) 5. fxe3 cxb4 6. Bb2
$5 $146 {Avoiding the setup with 6...g6.} (6. d4 g6 $5 (6... Nd7 7. c5 Ngf6 8.
Bc4 e6 9. Qb3 Be7 10. Ng5 Nd5 11. Nxf7 Kxf7 12. e4 Nc7 13. O-O+ Nf6 14. Be3 Rf8
$2 (14... Ke8 15. Nd2 $13) 15. e5 Kg8 16. exf6 Bxf6 17. Nd2 $16 {
Dorfman-Siniavski/Tallinn/1976}) (6... Nf6 7. Bd3 Bg4 8. Bb2 $1 (8. O-O e6 9.
a3 $44 {Szirmai-Tolnai/Balatonbereny/1988}) 8... e6 9. Nbd2 Be7 10. Qc2 Nc6 11.
e4 $44 {Kochyiev-Kupreichik/URS-ch/1977}) (6... e6 7. Bd3 Nc6 8. Bb2 f5 9. Nbd2
e5 10. d5 e4 11. Nxe4 $1 $18 {Polugaevsky-Campora/New York/1989}) 7. Bd3 Bg7 8.
O-O Nh6 $1 9. Nbd2 O-O 10. Qe2 (10. Rb1 e5) 10... Bf5 11. Ne4 (11. Rb1 $5)
11... Nc6 12. Bb2 Qc7 13. h3 e5 $1 $15 {Seirawan-Pr.Nikolic/Sarajevo/1987}) (6.
a3 bxa3 7. Nxa3 Nf6 8. Nb5 Nc6 9. d4 e6 10. Bd3 Bb4+ 11. Bd2 O-O 12. O-O Bxd2
13. Qxd2 $44 {Bandza-Chekhov/URS/1985}) 6... Nf6 7. Be2 (7. d4 {/\ Bd3}) 7...
Nc6 8. O-O e6 9. d4 Be7 10. Qd3 O-O 11. Nbd2 Nd7 12. Rad1 Re8 13. Ne4 Bf8 14.
d5 $1 exd5 15. Neg5 g6 $8 16. Qxd5 {><f7} (16. Nxf7 {Tisdall} Qe7 17. cxd5 (17.
Qxd5 {- game}) 17... Nc5 $13) 16... Qe7 (16... Re7 17. Nxf7 Rxf7 18. Ng5 Nde5
19. Nxf7 (19. Qxd8 Rxf1+ 20. Kxf1 Nxd8 21. Rxd8 $18) 19... Qxd5 20. cxd5 Nxf7
21. dxc6 $18) 17. Nxf7 $1 Qxe3+ (17... Qxf7 18. Qxf7+ Kxf7 19. Ne5+ Kg8 (19...
Ke6 20. Bg4+ $18) (19... Ke7 20. Rf7+ Kd8 21. Nxd7 $18) 20. Nxd7 $16 (20. Nxd7
{Tisdall} Bxd7 21. Rxd7 {/\B-f3-d5; c5,Bc4;} Rad8 $1 22. Rxb7 Rd2 23. Bf3 Na5
$5 24. Rxa7 Nxc4 $44)) 18. Rf2 Qe6 19. Qxe6 Rxe6 20. N3g5 Re8 (20... Rxe2 {
Tisdall} 21. Rxe2 h6 22. Nd6 $1 Bxd6 23. Rxd6 hxg5 24. Rxg6+ $16) 21. Nd6 Bxd6
22. Rxd6 Nde5 23. Ne4 Kg7 (23... Ng4 {Tisdall} 24. Rf4 $1) (23... Re6 {Tisdall}
24. Nf6+ {- game.}) 24. Nf6 Re6 25. Rxc6 Rxc6 (25... Nxc6 26. Ng4+ $18) (25...
bxc6 {Tisdall} 26. Ng4) 26. Bxe5 Bf5 27. g4 Be6 28. Nd5+ Kh6 29. h4 Bxg4 30.
Bxg4 Rxc4 31. Bf4+ Kg7 32. Be5+ Kh6 33. Bf3 Rxh4 34. Bf6 g5 35. Ne7 Re8 36.
Nf5+ Kg6 37. Nxh4+ Kxf6 38. Bh5+ 1-0